Country Names Whose First and Last Letters Are Furthest Apart in the Alphabet - Statistics

General Stats
  • This quiz has been taken 147 times
  • The average score is 17 of 26
Answer Stats
Difference Country % Correct
25 Zambia
98%
21 Zimbabwe
97%
21 Venezuela
79%
17 Russia
75%
19 Tanzania
73%
18 Slovakia
72%
18 Slovenia
72%
18 Somalia
72%
18 South Africa
71%
20 Uganda
71%
17 Rwanda
69%
18 South Korea
67%
19 Tonga
67%
18 Saudi Arabia
65%
17 Romania
64%
18 Samoa
62%
18 Serbia
61%
19 Tunisia
58%
18 Saint Lucia
57%
18 Syria
56%
18 Germany
55%
18 Sri Lanka
52%
17 Bahamas
50%
17 Barbados
49%
17 Belarus
45%
17 Hungary
42%
No matching quizzes found
Score Distribution
Percent of People with Each Score
Percentile by Number Answered
Your Score History
You have not taken this quiz